000
00282nam a2200121Ia 4500
005
20251222144649.0
008
251222s9999||||xx |||||||||||||| ||spa||
082
_a
468/J24
100
_a
Jara Llanos, Jerry
245
0
_a
Locuciones y Frases MÃnimas
264
_b
Real
942
_c
LIB
999
_c
17007
_d
17007